Представление документа в формате RUSMARC

ПолеНазваниеЗначение
  Тип записи a
  Библиографический уровень m
001 Контрольный номер RU/SLIB/B/208738274
005 Дата корректировки 20201206204046.4
010 Индекс ISBN __
a ISBN 5-7975-0429-4
d Цена 322-20
101 Язык документа 0_
a Язык текста rus
c Язык оригинала rus
200 Заглавие и сведения об ответственности 0_
a Заглавие Юридическая энциклопедия
f Первые сведения об ответственности под общ. ред. Б. Н. Топорнина
b Общее обозначение материала Текст
210 Выходные данные __
a Место издания М.
c Издательство Юристъ
d Дата издания 2001
215 Физическое описание __
a Объем 1270 с.
330 Аннотация __
a Аннотация Включены статьи, охватывающие все отрасли современного российского права и законодательства, теорию государства и права.
606 Тематические рубрики __
a Основная рубрика Право
606 Тематические рубрики __
a Основная рубрика Право. Юридические науки в целом
606 Тематические рубрики __
a Основная рубрика История государства и права
606 Тематические рубрики __
a Основная рубрика Конституционное (государственное) право в целом
606 Тематические рубрики __
a Основная рубрика Административное право в целом
606 Тематические рубрики __
a Основная рубрика Финансовое право
606 Тематические рубрики __
a Основная рубрика Гражданское право в целом
606 Тематические рубрики __
a Основная рубрика Отрасли права, смежные с гражданским правом
606 Тематические рубрики __
a Основная рубрика Право собственности и другие вещные права
606 Тематические рубрики __
a Основная рубрика Обязательственное право
606 Тематические рубрики __
a Основная рубрика Правовая охрана интеллектуальной собственности
606 Тематические рубрики __
a Основная рубрика Семейное право
606 Тематические рубрики __
a Основная рубрика Наследственное право
606 Тематические рубрики __
a Основная рубрика Трудовое право
606 Тематические рубрики __
a Основная рубрика Право социального обеспечения
606 Тематические рубрики __
a Основная рубрика Горное право
606 Тематические рубрики __
a Основная рубрика Лесное право
606 Тематические рубрики __
a Основная рубрика Земельное право
606 Тематические рубрики __
a Основная рубрика Водное право
606 Тематические рубрики __
a Основная рубрика Природоресурсное и природоохранительное (экологическое) право в целом
606 Тематические рубрики __
a Основная рубрика Уголовное право в целом
606 Тематические рубрики __
a Основная рубрика Уголовно-исполнительное право
606 Тематические рубрики __
a Основная рубрика Уголовное процессуальное право
606 Тематические рубрики __
a Основная рубрика Гражданское процессуальное право
606 Тематические рубрики __
a Основная рубрика Международное право в целом
610 Ключевые слова __
a Ключевые слова воздушное право; информационное право; имущественное право; изобретательское право; избирательное право; авторское право; атомное право; банковское право; жилищное право; международное публичное право; международное частное право; морское право; предпринимательское право; страховое право; транспортное право; экономическое право; ювенальное право
686 Индексы других классификаций __
a Классификационный индекс 67я20
702 Вторичная интеллектуальная ответственность _1
a Фамилия Топорнин
b Имя Б. Н.
4 Код отношения Редактор
4 Код отношения 340
801 Источник записи _0
a Страна RU
b Организация Муниципальное бюджетное учреждение культуры "Централизованная библиотечная система" г. Сургут (Центральная городская библиотека им. А. С. Пушкина)
g Правила каталогизации КиК/Тесленко
801 Источник записи _1
a Страна RU
b Организация Муниципальное бюджетное учреждение культуры "Централизованная библиотечная система" г. Сургут (Центральная городская библиотека им. А. С. Пушкина)
g Правила каталогизации КиК/Тесленко
852 Данные о местонахождении __
j Шифр хранения 67я20
i Авторский знак Ю 70
p Инвентарный номер 03051480; 03051481; 03051482
901 Тип документа __
t Тип документа m
903 Характеристики (МАРС) __
a Дата передачи 20030508
969 Тип издания __
a Тип издания энциклопедия
990 Данные о заказе (DOS) __
j Количество экземпляров (DOS) 3
t N записи в КСУ для И/У (DOS) 200305